Ciudades de la Región Pokémon de Sinnoh en el Mapa - Estadísticas

Estadísticas generales
  • Esta prueba ha sido intentada 420 veces
    416 desde el último reinicio
  • La puntuación promedio es 13 de 18
Respuestas en el mapa
Las respuestas están codificadas por una escala verde-roja en el mapa de la prueba según el % correcto abajo.
 
Estadísticas de respuestas
Respuesta % Correcto
Ciudad Puntaneva
87%
Ciudad Jubileo
82%
Ciudad Marina
82%
Liga Pokémon
82%
Ciudad Canal
80%
Ciudad Pirita
78%
Pueblo Hojaverde
78%
Ciudad Corazón
76%
Ciudad Vetusta
76%
Ciudad Rocavelo
75%
Pueblo Caelestis
75%
Pueblo Arena
74%
Pueblo Aromaflor
72%
Zona Descanso
71%
Ciudad Pradera
69%
Pueblo Sosiego
65%
Zona de Combate
59%
Zona Sobrevivir
48%
No se encontraron pruebas coincidentes
Distribución de puntuación
Porcentaje de gente con cada puntuación
Porcentaje por número respondido
Historial de tus puntuaciones
No has intentado esta prueba desde el último reinicio